Normal view
MARC view
Entry Personal Name
001 - CONTROL NUMBER
- control field: 2254
003 - CONTROL NUMBER IDENTIFIER
- control field: TR-AnCHP
005 - DATE AND TIME OF LATEST TRANSACTION
- control field: 20190110165507.0
008 - FIXED-LENGTH DATA ELEMENTS
- fixed length control field: 1901101016n|cannaabn |n|d ||
040 ## - CATALOGING SOURCE
- Original cataloging agency: TR-AnCHP
100 10 - HEADING--PERSONAL NAME
- Personal name: Dişbudak, Belkıs Çorakçı
670 ## - SOURCE DATA FOUND
- Source citation: Dişbudak, Belkıs Çorakçı.
- Information found: Bir savaşı bitirmekRichard Holbrooke ;çeviren Belkıs Çorakçı Dişbudak
